00000000nam##2200000za#4500
0019.636193
003CaOODSP
00520210624220624
007cr |||||||||||
008150407|1997||||xxc|||||o    f|0| 0 fre|d
040 |aCaOODSP|bfre
043 |an-cn---
0861 |aRC31-74/1997F-PDF
1101 |aCanada.|bCommission des revendications des Indiens.
24510|aEnquête relative à la revendication de la Première Nation de Moosomin concernant les terres cédées en 1909 |h[ressource électronique]
260 |aOttawa - Ontario : |bCommission des revendications des Indiens |cMars 1997.
300 |a127p.|bcarte en couleur, références
590 |a09-07-Supp|b2009-08-17
69107|aRevendication territoriale|2gcpds
69107|aAffaires autochtones|2gcpds
69107|aTerres autochtones|2gcpds
7201 |aCorcoran, Carole T.
7201 |aPrentice, P. E. James
7201 |aGill, Aurélien
77508|tInquiry into the 1909 reserve land surrender claim of the Moosomin First Nation |w(CaOODSP)9.691892
85640|ahttp://publications.gc.ca|qPDF|s1266 Ko|uhttps://publications.gc.ca/collections/collection_2009/indianclaims/RC31-74-1997F.pdf